000 01074nam a2200253Ia 4500
999 _c4641
_d4641
003 OSt
005 20200429180640.0
008 191128s2015 ck a gr 000 0dspa d
020 _a9789588917085
040 _aCO-JMCR
_cCO-JMCR
041 0 _aspa
082 _a305.235 /
_bA346p
110 1 _aColombia. Alcaldia Mayor
_93723
245 1 0 _aParticipación social y política :
_bmanual de ciudadanía y convivencia desde la construcción colectiva de sentidos y redes /
_cAlcaldia Mayor, Ministerio de Educación
260 _aBogotá :
_bCinep,
_c2015
300 _a149 páginas :
_bilustraciones a color ;
_c24 x 22 cm.
490 0 _aEducación para la ciudadanía y la convivencia
504 _aBibliografía : páginas 151.
505 _aLa participación social y política como la acción humana -- Escios de participación social política -- Acciones de transformación
650 1 4 _aParticipación Social
_zColombia
_93724
650 2 4 _aPolítica como acción humana
_zColombia
_93725
700 _aMinisterio de Educación,
_eautor
_93726
942 _2ddc
_cBK